| 000 | 00817nam a22002297a 4500 | ||
|---|---|---|---|
| 999 |
_c13030 _d13030 |
||
| 003 | AR-CdUCM | ||
| 008 | 190411b ||||| |||| 00| 0 spa d | ||
| 040 |
_aMUNICIPALIDAD PROVINCIAL DEL CUSCO _cBIBLIOTECA MUNICIPAL DEL CUSCO |
||
| 082 |
_a869.33 / _bD97 |
||
| 100 |
_aDurán Cerda, Julio _931203 |
||
| 245 |
_aRepertorio del teatro chileno : _bbiografía, obras inéditas y estrenadas / |
||
| 260 |
_aChile : _bEditorial Universitaria, _c1962. |
||
| 300 |
_a247 páginas ; _c21 cm. |
||
| 440 |
_aSerie C: biografía y registros Nº 1 _931204 |
||
| 505 | _aContenido: Teatro contemporáneo. | ||
| 650 |
_aTeatro contemporáneo _917954 |
||
| 650 |
_aTeatro chileno _931205 |
||
| 650 |
_aEstudios _919800 |
||
| 710 |
_aInstituto de Literatura chilena _931206 |
||
| 942 |
_2ddc _cFOLLETOS |
||
| 945 |
_adavv _d11/04/2019 |
||